Visión y trazo de América: la erotización del continente /
Se comparte una visión cartográfica universal se indica que el mapa puede comprenderse como un espacio de representación de la realidad y como tal como una metáfora de ella, en la medida en que la naturaleza engañosa y densa del lenguaje y su representación no permite acercarse a la realidad. Un ma...
Enregistré dans:
| Auteur principal: | |
|---|---|
| Format: | Texte |
| Sujets: | |
| Tags: |
Ajouter un tag
Pas de tags, Soyez le premier à ajouter un tag!
|
MARC
| LEADER | 00000 a a2200000 04500 | ||
|---|---|---|---|
| 001 | 13396 | ||
| 003 | |||
| 040 | |||
| 100 | |a Fonseca González, Vanessa | ||
| 245 | |a Visión y trazo de América: |b la erotización del continente / |c Vanessa Fonseca González | ||
| 520 | |a Se comparte una visión cartográfica universal |a se indica que el mapa puede comprenderse como un espacio de representación de la realidad y como tal como una metáfora de ella, en la medida en que la naturaleza engañosa y densa del lenguaje y su representación no permite acercarse a la realidad. Un mapa conjunta la visión y el trazo. Luego se menciona que para el caso de América, en la visión del conquistador, se dio la resemantización y la invención de América desde lo más familiar y lo más siniestro de sí hasta la conjugación de su diferencia en la impresión o trazo de sus límites y sus bordes, a la erotización de un continente con las fantasías, sueños y temores de una Europa alucinada que quizá perdió la lucidez y la visión que en ocasiones resultan ser hermanas frente a la tierra americana. Con la "erotización" de América, haciendo de ella la nueva tierra, depositaria de la fuente eterna de la juventud "paraíso olvidado o espacio de transmutaciones y transfiguraciones se posibilita gracias a la proyección en el nuevo mundo de lo no visto, pero deseado en Europa". OB/LOB | ||
| 650 | |a PAISES EN DESARROLLO | ||
| 650 | |a GEOGRAFIA | ||
| 650 | |a PAISES DESARROLLADOS | ||
| 650 | |a CONQUISTA | ||
| 650 | |a CULTURA | ||
| 650 | |a GRUPOS DE INTERESES | ||
| 773 | |g número 30; páginas 3-13 | ||
| 999 | |c 32633 |d 32633 | ||
